Sociální politika /

Guardado en:
Detalles Bibliográficos
Autor principal: Potůček, Martin (Autor)
Formato: Libro
Lenguaje:checo
Publicado: Praha : Sociologické nakladatelství, 1995
Edición:1.vyd.
Materias:
Acceso en línea:OBSAH
Etiquetas: Agregar Etiqueta
Sin Etiquetas, Sea el primero en etiquetar este registro!

MARC

LEADER 00000nam a22000003a 4500
001 stu44515
005 20150617225718.7
008 950412s1995----cs------------------cze-d
020 |a 80-85850-01-X 
040 |a STU  |b slo 
041 0 |a cze 
044 |a cs 
080 |a 304(075) 
100 1 |a Potůček, Martin  |4 aut 
245 1 |a Sociální politika /  |c [aut.]Martin Potůček 
250 |a 1.vyd. 
260 |a Praha :  |b Sociologické nakladatelství,  |c 1995 
300 |a 142 s 
650 7 |a politika sociálna  |2 stusub 
856 4 |a https://sweb.mtf.stuba.sk/obsahy/socialni_politika_95  |u https://sweb.mtf.stuba.sk/obsahy/socialni_politika_95  |3 OBSAH 
996 |b 284M025774  |c M*9090-4  |l MMST  |s A  |a 24  |w stu44515_0001 
996 |b 284M027998  |c M*9090-5  |l MMKN  |s A  |a 24  |w stu44515_0002